[Event "Nancy"]
[Site "Nancy"]
[Date "2005.02.16"]
[Round "4"]
[White "Miladinovic, Igor"]
[Black "Marzolo, Cyril"]
[Result "1-0"]
[WhiteElo "2611"]
[BlackElo "2428"]
[Annotator "Postny,E"]
[PlyCount "47"]
[EventDate "2005.02.14"]
[EventType "tourn"]
[EventRounds "9"]
[EventCountry "FRA"]
[EventCategory "10"]
[SourceTitle "CBM 106"]
[Source "ChessBase"]
[SourceDate "2005.06.06"]
[SourceVersion "1"]
[SourceVersionDate "2005.06.06"]
[SourceQuality "1"]

1. d4 Nf6 2. Bg5 Ne4 3. h4 $5 {An odd-looking move, but suits well to the
original style of GM Miladinovic.} c5 {The most principled continuation.} ({
Solid enough is:} 3... d5 4. Nd2 Bf5 (4... Nxg5 5. hxg5 g6 6. e3 Bg7 7. f4 c5
8. c3 Qb6 9. Qb3 Nc6 10. Be2 Bd7 11. Ngf3 Qxb3 12. axb3 cxd4 13. exd4 h6 14. b4
hxg5 15. Rxh8+ Bxh8 16. Nxg5 $14 {1-0 Miladinovic,I-Manca,F/Genova 2004/EXT
2005 (35)}) 5. e3 h6 6. Bf4 Nxd2 7. Qxd2 e6 8. Bd3 Bxd3 9. Qxd3 Nd7 10. Nf3
Bb4+ 11. c3 Bd6 12. h5 Qf6 13. Rh4 O-O-O 14. O-O-O Kb8 15. Bxd6 cxd6 16. e4
dxe4 17. Qxe4 Qe7 18. Rhh1 Nf6 {1/2-1/2 Hodgson,J-Rowson,J/York 1999/CBM 075 
(18)}) 4. dxc5 Qa5+ 5. Nd2 Nxg5 (5... h6 6. Be3 Nxc5 7. c3 Qc7 8. Nb3 d6 9. g3
b6 10. Bg2 Bb7 11. Nf3 e6 12. O-O Be7 13. Nxc5 bxc5 $11 {0-1 Miladinovic,
I-Vocaturo,D/Rome 2004/CBM 102 ext (57)}) (5... Nxd2 6. Qxd2 Qxc5 7. e4 Nc6 8.
O-O-O d6 9. Be3 Qa5 10. Qxa5 Nxa5 11. Ne2 Nc4 12. Bd4 e5 13. Ng3 Be6 14. b3 Nb6
15. Bxb6 axb6 16. Kb2 O-O-O 17. Bc4 g6 18. Bd5 h5 19. c4 Rh7 20. Rd3 {1/2-1/2
Kanep,M-Erdogdu,M/Istanbul 2004/CBM 102 ext (20)}) 6. hxg5 g6 {After
eliminating the white dark-squared bishop black is hoping to get play on the
dark squares.} (6... Qxc5 7. g6 fxg6 8. e3 Nc6 9. Ngf3 d6 10. c3 Bf5 11. Nb3
Qb6 12. Ng5 Ne5 13. a4 Nd3+ 14. Bxd3 Bxd3 15. Qxd3 Qxb3 16. Rh4 a5 17. Rc4 e5
18. Qd5 Be7 19. Qf7+ Kd7 20. Qe6+ Ke8 21. Rc8+ Rxc8 22. Qxb3 Bxg5 23. Qe6+ {
1-0 Miladinovic,I-Georgieva,L/Nice 2002/CBM 091 ext (23)}) 7. Rh4 {Quite an
original way to develop the rook.} (7. c3 Qxc5 8. Ngf3 Bg7 9. a4 Nc6 10. a5 d5
11. e4 Be6 12. a6 b6 13. Qa4 O-O 14. exd5 Bxd5 15. Qh4 Rfd8 16. Bc4 Bxf3 17.
Nxf3 b5 18. Bb3 Bxc3+ 19. Kf1 Bg7 20. Qxh7+ Kf8 $17 {0-1 Miladinovic,I-Janssen,
R/Kavala 2002/CBM 089 ext (31)}) 7... Nc6 (7... Na6 8. Rc4 b6 9. c3 (9. cxb6
$142) 9... bxc5 10. Nb3 Qb6 11. Qd5 Bb7 12. Qe5 f6 13. gxf6 Qxf6 14. Qxf6 exf6
15. Rd1 Be7 16. e3 d5 17. Ra4 Nc7 $15 {0-1 Nowak,R-Szelag,M/Poznan 1999/EXT
2003 (32)}) 8. Rc4 {The idea behind the 7.Rh4. It's really rare to see the
rook being so active from the very beginning.} (8. Ngf3 Bg7 9. c3 Qxc5 10. e4
h6 11. gxh6 Rxh6 12. Nb3 Qb6 13. Rxh6 Bxh6 14. Bc4 d6 $15 {1-0 Perez,Y-Ramon,V/
Matanzas 1995/EXT 2000 (56)}) 8... d5 (8... Ne5 9. b4 Qa3 10. Re4 Bg7 11. Qc1
Qxc1+ 12. Rxc1 b6 13. Nb3 Bb7 14. Rh4 f6 15. gxf6 Bxf6 16. Rh3 O-O 17. c3 Rfc8
18. f4 Ng4 19. e3 a5 $36 {0-1 Botsari,A-Lakos,N/Pula 1997/CBM 057 ext (54)}) 9.
cxd6 Be6 10. c3 $1 $146 (10. dxe7 Bxe7 11. Rc3 h6 12. gxh6 Rxh6 $44 13. Ngf3 g5
14. e3 Rh1 15. Qe2 Bb4 16. Rd3 g4 17. Nd4 Bxd2+ 18. Rxd2 Nxd4 19. exd4 Kf8 20.
a3 {[%tqu "En","Find the winning combination.","","","e6c4","",15]} Bc4 $3 21.
Qxc4 Re8+ 22. Kd1 {[%tqu "En","And now, the point of the combination...","","",
"a5a6","",5]} Qa6 $3 23. Qc5+ Kg7 24. Rd3 Rxf1+ 25. Kd2 Rxa1 $19 {0-1 Teske,
H-Pachow,J/Germany 2001/CBM 082 ext (60)}) 10... exd6 ({After} 10... Bxc4 11.
d7+ $1 Kd8 $8 12. Nxc4 Qxg5 13. Nf3 {white has strong compensation for the
exchange.}) 11. Rf4 Qxg5 12. g3 {White is hoping to exploit black's Pd6
weakness in the long run.} Qe7 13. Bg2 Bg7 14. Nc4 O-O ({The pawn sacrifice
comes into consideration:} 14... d5 15. Bxd5 Rd8 (15... O-O-O 16. Bxe6+ Qxe6
17. Qb3 $14) 16. Bxc6+ bxc6 17. Qa4 Qc5 18. Nf3 $14) 15. Ne3 Rac8 (15... Bh6
16. Re4 $14) 16. Nd5 Qd8 17. Qa4 a6 18. Rd1 g5 $6 {Black is lack of clear plan,
but this move just weakens his kingside.} (18... Re8 $14) 19. Re4 Bf5 $6 ({
Again} 19... Re8 {[%cal Gf7f5] should have been prefered.}) 20. Re3 {Great
work of white's rook!} Kh8 21. Nf3 Ne5 $2 {After this move black is just
collapsing.} 22. Nxe5 Bxe5 23. Qb4 {Black is not able to protect all his
weaknesses.} Be6 24. Nb6 $18 {[%cal Ge3e5,Gb6c8,Gd1d8]} 1-0

[Event "Corus-B"]
[Site "Wijk aan Zee"]
[Date "2005.01.22"]
[Round "7"]
[White "Stefanova, Antoaneta"]
[Black "Mamedyarov, Shakhriyar"]
[Result "0-1"]
[WhiteElo "2491"]
[BlackElo "2657"]
[Annotator "Postny,E"]
[PlyCount "80"]
[EventDate "2005.01.15"]
[EventType "tourn"]
[EventRounds "13"]
[EventCountry "NED"]
[EventCategory "13"]
[SourceTitle "CBM 105"]
[Source "ChessBase"]
[SourceDate "2005.04.11"]
[SourceVersion "1"]
[SourceVersionDate "2005.04.11"]
[SourceQuality "1"]

1. d4 Nf6 2. Bg5 Ne4 3. Bf4 d5 4. e3 c5 5. Bd3 ({A solid, but a bit passive is:
} 5. c3 Nc6 6. Bd3 Nf6 7. Nd2 g6 8. Ngf3 Bg7 9. h3 O-O 10. O-O {0-1 Anastasian,
A-Ghaem Maghami,E/Stepanakert 2004/CBM 100 [Finkel] (44)}) 5... cxd4 ({Risky
for black is:} 5... Nc6 6. Bxe4 dxe4 7. d5 {1-0 Radjabov,T-Polgar,J/Benidorm
2003/CBM 99 [Finkel] (40)}) ({A rare and awkward is:} 5... Nd6 {1-0 Stefanova,
A-Juswanto,D/Jakarta 2004/CBM 100 [Finkel] (43)}) (5... Qb6 6. Bxe4 dxe4 (6...
Qxb2 $2 7. Bxd5 Qxa1 8. Nf3 e6 9. Bb3 cxd4 10. O-O Nc6 11. exd4 Be7 12. Bd2 Bb4
13. c3 Be7 14. c4 Bb4 15. Bxb4 Nxb4 16. Qd2 $18 {[%csl Ra1] 1-0 Stefanova,
A-Grobelsek,A/Rabac 2003/CBM 96 ext (22)}) 7. Nc3 Qxb2 8. Nge2 Bg4 9. Nxe4 Bxe2
10. Kxe2 cxd4 11. Qd3 f5 12. Ng5 Nc6 13. Ne6 Rc8 14. Rhb1 Qc3 15. Qxc3 dxc3 16.
Rxb7 $18 {1-0 Adams,M-Xie Jun/Hastings 1996/CBM 57 (22)}) ({A reliable
alternative for black is:} 5... Nf6 {1-0 McShane,L-Sutovsky,E/Pamplona 2003/
CBM 99 [Finkel] (33)}) 6. Bxe4 {The only way to fight for an opening advantage.
White will try to make use of his temporary advantage in development. Black's
pawn on e4 might become a target for white as well.} (6. exd4 Nc6 7. c3 Bf5 8.
Qe2 e6 9. Nd2 Nd6 $11 {1-0 Timman,J-Van Wely,L/Breda 1998/CBM 65 [Stohl] (63)})
6... dxe4 7. exd4 ({Leads to approximate equality:} 7. Qxd4 Qxd4 8. exd4 Nc6 9.
c3 {1-0 Lputian,S-Rytshagov,M/Istanbul 2000/EXT 2001 [Tsesarsky] (55)}) 7...
Qb6 (7... Nc6 8. Ne2 Bg4 9. Nbc3 e6 10. h3 Bh5 11. Nxe4 Bxe2 12. Qxe2 Nxd4 13.
Qd3 Nc6 14. O-O-O Qxd3 15. Rxd3 $36 {1-0 Hodgson,J-Wells,P/Oxford 1998/CBM 69 
[Wells] (30)}) (7... g6 8. Nc3 Bg7 9. Nge2 Bf5 10. O-O O-O 11. Ng3 Nc6 12. d5
e5 13. Nxf5 gxf5 14. dxc6 exf4 15. cxb7 Rb8 16. Qh5 Qf6 17. Nd5 Qe5 18. Qxf5
Qxf5 19. Ne7+ Kh8 20. Nxf5 $16 {1-0 Pixton,A-Kudrin,S/Philadelphia 2001/CBM 85
ext (72)}) 8. Nc3 Nc6 9. Qd2 $2 (9. d5 e5 10. Be3 Nd4 11. Nge2 Bg4 12. Bxd4
exd4 13. Qxd4 Qxd4 14. Nxd4 Bc5 15. h3 Bh5 16. Nf5 $16 {1-0 Janssen,R-Visser,Y/
Rotterdam 1999/CBM 73 ext (46)}) 9... Qxd4 $1 $146 {[%mdl 8] This concrete
approach refutes white's last move. In the only preceding game black did not
take the pawn, but it works fine for him.} (9... Bg4 $6 10. h3 Bh5 11. g4 Bg6
12. d5 O-O-O 13. Qe3 e5 14. Qxb6 axb6 15. Be3 Nd4 16. O-O-O $13 {0-1 San
Emeterio Cabanes,J-Holmsten,A/Lisbon 2001/EXT 2002 (62)}) 10. Nb5 $6 {After
this move white's chances for a draw are very low.} (10. Qxd4 Nxd4 11. O-O-O
Ne6 12. Nge2 (12. Be3 f5 13. f3 f4 14. Bd4 e3 15. Nd5 Nxd4 $1 16. Nc7+ (16.
Rxd4 e5) 16... Kf7 17. Nxa8 (17. Rxd4 e5) 17... e5 18. Nc7 (18. c3 Bd6 $1 19.
cxd4 Bf5 $19) 18... Bd6 19. Nd5 Bf5 $40) 12... Nxf4 13. Nxf4 f5 14. Nb5 Kf7 15.
Rd8 g6 (15... g5 16. Ne6 $1) 16. Rhd1 Bg7 17. Rxh8 Bxh8 18. Rd8 Be5 19. g3 a6 {
followed by 20...b5 and 21...Bb7.}) (10. Qe2 $5 e5 11. Be3 Qd6 $1 12. f3 (12.
Nxe4 $2 Qb4+ $19 {[%csl Rb2,Re4]}) 12... exf3 13. Nxf3 {with some compensation
for the pawn.}) 10... Qxd2+ 11. Bxd2 (11. Kxd2 e5 12. Nc7+ Kd8 13. Nxa8 exf4
$19 {[%csl Ra8]}) 11... Rb8 12. O-O-O Bd7 13. Ne2 Rc8 14. Be3 a6 15. Nbc3 f5 {
Black is just a healthy pawn up, while white has not enough resources to make
use of his temporary advantage in development.} 16. Nd5 e5 17. Rd2 (17. Nb6 Rd8
18. Bg5 Be7 19. Bxe7 Kxe7 {with a winning position for black.}) 17... Be6 18.
Rhd1 Kf7 19. Kb1 ({White achieves nothing after} 19. Nb6 Re8 (19... f4 $6 20.
Nxc8 fxe3 21. Nd6+ Bxd6 22. Rxd6 exf2 23. Ng3 Ke7 24. Nxe4 Rf8 25. Rxe6+ Kxe6
26. Rf1 $15)) 19... b5 20. g3 Bxd5 {Time to get rid of this annoying knight.}
21. Rxd5 Be7 22. Bb6 Ke6 23. Nc3 Nb8 $1 {Preparing to kick off the white
bishop with Rc8-c6.} 24. a4 b4 25. Na2 Rc6 26. Ba7 Rc7 27. Bb6 Rd7 28. c4 bxc3
29. Nxc3 Rc8 {Black successfully completed the development. The rest is a
matter of technique.} 30. a5 Rxd5 31. Nxd5 Bd6 32. g4 {This hurts only white,
but there is no significant improvement in any case.} g6 33. gxf5+ gxf5 34. Ne3
f4 35. Nf5 Bf8 36. Nh4 Nd7 {White's bishop is trapped.} 37. Ng2 Nxb6 38. axb6
Rb8 39. Re1 Kf5 40. Nh4+ Kg4 (40... Kg4 41. Ng2 Rxb6 42. Rxe4 Kf3 $19 {[%csl
Re4,Rg2]}) 0-1

[Event "Budapest Hunguest Hotels"]
[Site "Budapest"]
[Date "2003.04.17"]
[Round "6"]
[White "Berkes, Ferenc"]
[Black "Kortschnoj, Viktor Lvovich"]
[Result "1/2-1/2"]
[WhiteElo "2578"]
[BlackElo "2632"]
[Annotator "Postny,E"]
[PlyCount "118"]
[EventDate "2003.04.11"]
[EventType "tourn"]
[EventRounds "9"]
[EventCountry "HUN"]
[EventCategory "17"]
[SourceTitle "CBM 095"]
[Source "ChessBase"]
[SourceDate "2003.07.25"]
[SourceVersion "1"]
[SourceVersionDate "2003.07.25"]
[SourceQuality "1"]

1. d4 Nf6 2. Bg5 e6 3. e4 h6 4. Bxf6 Qxf6 5. Nc3 d6 6. Qd2 e5 {Very rare move
in this particular position. Usually black plays 6...c6 covering the d5 square
and preparing e6-e5 on the next move. Another popular plan connected with the
fianchetto of the dark-squared bishop by 6...g5 or 6...g6 followed by 7...Bg7.}
7. Nf3 ({More in principle would be} 7. Nd5 Qd8 8. Nf3 c6 9. Ne3 Qc7 10. O-O-O
$14 {1-0 Grigore,G-Osman,M/Bucharest 2002/CBM 89 ext (65)}) 7... c6 {The
position is now back to "normal" for this opening variation.} 8. Be2 ({More
ambitious is} 8. O-O-O Be7 9. Kb1 (9. h3 Nd7 10. Kb1 O-O 11. Qe3 Re8 12. d5 Bd8
13. Bc4 c5 14. Nh2 a6 15. Ng4 Qg6 16. Qf3 b5 17. Bf1 h5 18. Ne3 Nf6 19. g4 hxg4
20. hxg4 Bxg4 21. Nxg4 Qxg4 22. Qe3 b4 23. Ne2 Qxe4 24. Qh3 Qh7 25. Qg2 Qg6 26.
Qh3 Qh7 27. Qg2 Qg6 28. Qh3 {1/2-1/2 Hall,J-Glek,I/Germany 1997/EXT 99 (28)})
9... a6 ({Possible is} 9... O-O 10. h3 Bd8 {as in the game Houska,M-Parker,J/
Hove 1997/EXT 99 (0-1,36)}) 10. Be2 b5 11. h4 Nd7 12. Qe3 Rb8 13. g4 Nb6 14. g5
Qf4 15. Qxf4 exf4 16. Rdg1 b4 17. Nd1 d5 18. e5 $13 {1-0 Hall,J-Van Wely,L/
Bundesliga 2000 (53)}) 8... Be7 9. O-O O-O 10. Nd1 $146 {Trying to find for
the knight better pastures.} (10. a4 $6 a5 11. h3 Nd7 12. Nd1 exd4 13. Nxd4 Nc5
$15 {0-1 Martinez Medina,E-Spassov,L/La Pobla de Lillet 1997/EXT 99 (41)}) (10.
Rad1 $5) 10... exd4 $1 11. Nxd4 Re8 12. f4 (12. Ne3 Bd8 $1 {[%csl Re4][%cal
Yd8b6]}) (12. Re1 Bd8 $1 13. Bf1 Bb6 14. c3 Nd7 {In both cases black has a
nice game.}) 12... Bd8 $1 {Good manoeuvre. The black dark-squared bishop is
heading to b6, where it will put a pressure on white's position.} 13. Nf2 Bb6
14. c3 Nd7 15. Kh1 Nc5 16. Bf3 a5 {Black has certainly got more flexible
position, on the other hand white managed to defend his central outposts and
keeps some space. The chances are about equal.} 17. b3 Bd7 18. Rad1 Rad8 19. g3
{Both sides has no clear plan and continuing with the manoeuvres.} Bc8 20. Kg2
h5 21. a3 {[%cal Yb3b4]} (21. Bxh5 $2 Nxe4) 21... g6 22. b4 {Driving out the
black knight from it's active position.} axb4 23. axb4 Ne6 24. Rfe1 (24. f5 $6
Ng5 {seems to be in black's favour.}) 24... Qg7 25. h4 Nf8 {The black knight
goes to f6, where it has better prospects.} 26. Nc2 Nh7 27. Ne3 Nf6 28. Nc4 Bc7
29. Qd4 d5 {After a long manoeuvering black carries out a breakthrow in the
centre, which leads to a simplification.} 30. exd5 (30. e5 $2 dxc4 31. exf6
Rxe1 32. Rxe1 (32. Qxd8+ Bxd8 33. fxg7 Rxd1 34. Nxd1 Kxg7 $17) 32... Rxd4 33.
fxg7 Rd8 $17) 30... Rxe1 31. Rxe1 Nxd5 32. Bxd5 Qxd4 33. cxd4 (33. Bxf7+ $2
Kxf7 34. cxd4 Rxd4 {is clearly in black's favour.}) 33... cxd5 34. Na5 (34. Re7
$2 Bxf4) ({More logical was} 34. Ne5) 34... Kf8 35. Nb3 Bf5 36. Ra1 b6 {
[%csl Rb3] Restricting the possibilities of Nb3.} 37. Rc1 Rc8 38. Rc3 $6 {
This move appeares to be a loss of important tempo.} (38. Kf3 Bd6 39. Rxc8+
Bxc8 40. Nd3 Bf5 41. Nbc1 {reaching the same position as in the game with the
only difference, that the white king is on f3 instead of g2. The importance of
this difference will become clear in the game later...}) 38... Bd6 39. Rxc8+
Bxc8 40. Nd3 Bf5 41. Nbc1 Ke7 42. Kf3 Kd7 43. b5 (43. Ne5+ Kc7 44. Nxf7 Bxb4 {
with a big advantage.}) 43... Kc7 44. Ke3 {If white have had played 38.Kf3
instead of 38.Rc3 he could get this position with white's turn to move and
after Ne2 followed by Nc3 reach the equality. Now white is loses his Pb5.} Bd7
45. Ne5 Be8 46. Ne2 f6 47. Nf3 Bxb5 48. f5 $1 gxf5 {An important moment. Black
has several options, but it looks like white is still holding the balance.} (
48... g5 49. hxg5 fxg5 50. Nc3 (50. Nxg5 $2 Bxe2 51. Kxe2 Bxg3 {[%csl Gb6,Gh5]}
) 50... Bc4 51. Nxg5 Bxg3 52. f6 Kd7 53. Na4 $1 Bb3 54. Nxb6+ Kc7 55. f7 Bd6
56. Na8+ $1 Kb7 57. Ne6 Kxa8 58. f8=Q+ Bxf8 59. Nxf8 $11) (48... Be8 49. Nf4
Bxf4+ 50. gxf4 b5 51. Kd2 Kb6 52. Kc3 Ka5 53. Kb3 b4 54. Nd2 {and this endgame
is drawish.}) 49. Nf4 Bc4 ({After} 49... Bxf4+ 50. gxf4 {white is building a
fortress after transfer of his king to the queenside.}) 50. Nxh5 b5 51. Ng7 Ba3
$1 (51... b4 $2 52. Ne8+ {eliminating strong bishop.}) 52. h5 Bc1+ 53. Nd2 b4
54. h6 b3 {Both white's and black's pawns queens, and the resulting position,
surprisingly appeares to be equal.} 55. h7 b2 56. h8=Q b1=Q 57. Ne6+ Kb7 58.
Nc5+ (58. Qg7+ $6 Ka8 59. Qf8+ Qb8) 58... Ka7 59. Qxf6 (59. Qg7+ Ka8 {changes
nothing.}) 59... Bxd2+ ({After} 59... Bxd2+ 60. Kxd2 Qb2+ 61. Kd1 Qb1+ {
black gives a perpetual.}) 1/2-1/2

[Event "BLR-ch 71st"]
[Site "Minsk"]
[Date "2005.03.10"]
[Round "7"]
[White "Trifonov, Denis"]
[Black "Azarov, Sergei Nikolaevich"]
[Result "0-1"]
[WhiteElo "2347"]
[BlackElo "2565"]
[Annotator "Postny,E"]
[PlyCount "78"]
[EventDate "2005.03.04"]
[EventType "tourn"]
[EventRounds "13"]
[EventCountry "BLR"]
[EventCategory "9"]
[SourceTitle "CBM 106"]
[Source "ChessBase"]
[SourceDate "2005.06.06"]
[SourceVersion "1"]
[SourceVersionDate "2005.06.06"]
[SourceQuality "1"]

1. d4 Nf6 2. Bg5 Ne4 3. Bf4 c5 4. f3 Qa5+ {This check forces white to play
c2-c3, which will obstruct the development of white's queenside knight.} 5. c3
Nf6 6. Nd2 ({Another theoretical line is} 6. d5 {1/2-1/2 Moiseenko,A-Volokitin,
A/Kharkov 2004/CBM 103 [Postny,E] (34)}) 6... cxd4 7. Nb3 Qd8 (7... Qf5 8. Bxb8
Rxb8 9. Qxd4 b6 10. e4 Qf4 11. Nh3 Qc7 12. e5 Ng8 13. O-O-O $36 {1/2-1/2
Nguyen,N-Ilincic,Z/Budapest 2004/CBM 102 ext (54)}) ({The main line is} 7...
Qb6 {1-0 McShane,L-Cvitan,O/Mallorca 2004/CBM 104 [Postny,E] (68)}) 8. Qxd4 $6
{This looks rather illogical, allowing black to develop the knight with tempo.}
(8. Bxb8 Rxb8 9. Qxd4 a6 10. Qa7 Qc7 11. e4 e6 12. Bxa6 Bd6 13. Bb5 Bxh2 14.
Ne2 b6 15. Qxc7 Bxc7 $15 {0-1 Miladinovic,I-Georgiev,K/Skopje 2002/CBM 88 (34)}
) ({The most logical recapture is} 8. cxd4 d5 (8... g6 9. e4 Bg7 10. Qd2 O-O
11. Bd3 d6 12. Ne2 Nc6 13. Be3 $14 {1-0 Aleksandrov,A-Moiseenko,A/Warsaw 2003/
EXT 2005 (26)}) 9. e3 e6 (9... Nc6 10. Bb5 Qb6 11. Bxc6+ bxc6 12. Qc2 a5 13.
Ne2 Nd7 14. Rc1 a4 15. Nd2 Bb7 16. b4 axb3 17. Nxb3 e6 18. O-O Ba6 19. Rb1 Bxe2
20. Qxe2 Qa6 21. Qe1 Be7 22. Rf2 O-O 23. Rc2 Rfc8 24. Qf1 {1/2-1/2 Wells,
P-Hebden,M/Portsmouth 2004/EXT 2005 (24)}) 10. Bd3 Nc6 11. Ne2 Nh5 12. O-O Nxf4
13. Nxf4 Bd6 $11 {0-1 Nguyen Ngoc Truong,S-Belezky,S/Budapest 2004/CBM 98 ext 
(33)}) 8... Nc6 9. Qd2 (9. Qa4 e5 10. Bg3 Be7 11. e4 O-O 12. Bb5 Qc7 13. Nd4
Nxd4 14. cxd4 d6 15. Ne2 a6 16. Bd3 Bd7 17. Qb3 Nh5 18. Bf2 $14 {1/2-1/2 Szabo,
L-Garcia Molina,F/Heraklio 2004/EXT 2005 (61)}) 9... e5 10. Bg5 $146 (10. Bg3
d5 {1/2-1/2 Kurajica,B-Cvitan,O/Solin/Split 2000/CBM 081 (10)}) 10... h6 11.
Bxf6 Qxf6 12. e4 {The position is approximately balanced. White has superior
pawn structure and control over the central d5 square. n the other hand, black
has got pair of bishops and the dark squares in white's camp might become
vulnerable.} Be7 13. Bc4 Qg6 14. h4 {Covering g5 square.} (14. O-O-O $4 Bg5 $19
) 14... h5 15. O-O-O d6 16. Ne2 $5 ({A prophylactic move} 16. Kb1 {was
possible as well.}) 16... Be6 {Declining the challenge.} (16... Qxg2 $5 17.
Rhg1 Qxf3 18. Rdf1 (18. Rxg7 Rf8 $15) 18... Qxe4 19. Bxf7+ Kd8 20. Nc5 Qxh4 21.
Rxg7 Kc7 {and black seems to be fine.}) 17. Bxe6 $6 {This is illogical. After
this exchange white loses his control over d5 square.} (17. Bd5 Qxg2 $5 {
leads to a forced draw:} 18. Rhg1 Qxf3 19. Rdf1 Qh3 20. Rh1 Qg4 21. Rfg1 $11)
17... fxe6 18. g3 O-O-O 19. c4 Kb8 $15 20. Na5 $2 {After this careless move
white's position is collapsing rapidly.} (20. Kb1 $6 d5 $17) (20. Qe3 $15)
20... Rc8 21. Nxc6+ Rxc6 22. b3 {[%tqu "En","How should Black continue?","","",
"d6d5","Probably, white simply missed this strike. The white king is now in
serious danger.",10]} d5 $1 $19 {Probably, white simply missed this strike.
The white king is now in serious danger.} 23. Qb2 (23. exd5 $4 Ba3+ {[%csl Rc1]
}) 23... dxc4 24. Qxe5+ Ka8 25. Kb1 Bf6 26. Qb5 cxb3 27. axb3 Qe8 {Transfering
the queen to the queenside, where it will a deadly threats against the white
monarch.} 28. Qb4 Rb6 29. Qc4 Qe7 {[%cal Ge7a3]} 30. Rc1 {[%cal Gc4c8]} Rb8 $1
31. Rc3 {What else? The resignation was a deserving alternative to this move...
} Rc6 32. Qd3 Bxc3 33. Nxc3 Rd8 34. Qe3 Qa3 35. Na2 Ra6 36. Rh2 Rd1+ 37. Kc2
Qxa2+ 38. Kxd1 Qxh2 39. Qd4 Ra1+ 0-1